000 01305nam a2200349 c 4500
999 _c101518
_d101518
003 BLK
005 20221114120324.0
008 180409b bul|||||r ||||||| ||bul||
010 _aKNG00106568000
020 _a5-93381-023-1
040 _aBLK
041 _aRUS
_cRUS
080 _aАмериканска литература (на САЩ)
_b821.111(73)
_x-31
_z821.111(73)-31
080 _aАмериканска литература (на САЩ)
_b821.111(73)
_x-32
_z821.111(73)-32
100 1 _aКосинский, Ежи
_eпърви автор
_982743
139 _aКосинский, Ежи
_bК 86
245 1 0 _aСадовник
_cЕжи Косинский; пер. с англ. И. Кормильцев.
257 _aUSA
260 _bБ. С. Г.- пресс
_c2001
_fЕкатеринбург : ГИПП Уральский рабочий
_9211398
_aМосква
_n5-93381-
300 _a416 с.
_c17 см
380 _aX
490 1 _aModern Talks
500 _aОфс. изд. - 5 000 тир.
653 _aповести
653 _aромани
700 1 _aКормильцев, И.
_eпер. с англ.
_982464
852 _aЦб І 30876
856 4 _qpdf
_i0.00
_ldisable
856 4 _qpdf
_i0.00
_ldisable
942 _cKNG
_n0
_s1
944 _aCR
_c01.01.2001
_kЛюдмила_Стоянова
944 _aED
_c30.06.2003
999 _d101518